| 000 | 01405nam a2200313 a 4500 | ||
|---|---|---|---|
| 005 | 20160517122010.0 | ||
| 008 | 140224b2002 ck ||||| |||| 00| 0 spa d | ||
| 041 | _aspa | ||
| 082 |
_a333.75 _bC65t |
||
| 090 |
_aLB _b03079 |
||
| 110 |
_aColombia _bMinisterio del Medio Ambiente _bProyecto Manejo Sostenible de Bosques en Colombia _919471 |
||
| 245 |
_aTérminos de referencia unificados para estudios y planes de manejo y aprovechamiento forestal de guadua _cMinisterio del Medio Ambiente. Proyecto Manejo Sostenible de Bosques en Colombia. |
||
| 260 |
_aBogotá _bMinambiente _bGTZ _bMSBC _c[2002] |
||
| 300 |
_a40 p. _bil. _c27 cm. |
||
| 650 |
_aManejo forestal sostenible _99347 |
||
| 650 |
_aProyectos silviculturales _99348 |
||
| 650 |
_aLegislación ambiental _919472 |
||
| 650 |
_aGuadua _xAspectos ambientales. _919473 |
||
| 650 |
_aGuadua _xAspectos económicos _919474 |
||
| 662 | _aColombia | ||
| 710 | 2 |
_aCooperación Alemana al Desarrollo. _99352 |
|
| 710 | 2 |
_aCorporación Autónoma Regional de Caldas. _9950 |
|
| 710 | 2 |
_aCorporación Autónoma Regional del Quindio. _97340 |
|
| 710 | 2 |
_aCorporación Autónoma Regional del Tolima. _94005 |
|
| 710 | 2 |
_aCorporación Autónoma Regional de la Frontera Nororiental. _99353 |
|
| 710 | 2 |
_aCorporación Autónoma Regional de Risaralda. _9951 |
|
| 710 | 2 |
_947093 _aCorporación Autónoma Regional del Valle del Cauca - CVC |
|
| 942 |
_cImpreso _2z |
||
| 999 |
_c3310 _d3310 |
||